Semi di fico d'India : venti bracciate nella nuova scrittura italiana /
Saved in:
| Andre forfattere: | , |
|---|---|
| Format: | Bog |
| Sprog: | italiensk |
| Udgivet: |
Portogruaro :
Nuova Dimensione,
c2005
|
| Serier: | Officina ;
1 |
| Fag: | |
| Tags: |
Ingen Tags, Vær først til at tagge denne postø!
|
MARC
| LEADER | 00000nam a22000007i 4500 | ||
|---|---|---|---|
| 001 | IT\ICCU\LO1\0998256 | ||
| 003 | ItRI | ||
| 005 | 20260115231956.0 | ||
| 008 | 050607s2005 it |||||| ||||| |||||c | ||
| 020 | |a 888910015X | ||
| 040 | |b ita |c importazione bologna sebina | ||
| 041 | 7 | |a ita |2 ISO-639-2 | |
| 130 | 0 | |a Alcune cose tremendamente sbagliate |3 IT\ICCU\UFE\0982252 |9 Dadati, Gabriele | |
| 130 | 0 | |a Caaacahouettes! |3 IT\ICCU\UFE\0982243 |9 Bosonetto, Marco | |
| 130 | 0 | |a Chiedilo agli angeli |3 IT\ICCU\UFE\0982246 |9 Mercadante, Gianluca <1976-> | |
| 130 | 0 | |a Cinque quarti di luna per Lucia |3 IT\ICCU\UFE\0982250 |9 Monina, Michele | |
| 130 | 0 | |a Dacia Maraini o breve storia di amore, morte, mondanità e silicone nel mare di Porto Cervo... A Lina Wertmuller grazie di tutto |3 IT\ICCU\UFE\0982247 |9 Tucci, Massimo <1974- > | |
| 130 | 0 | |a È una questione di qualità |3 IT\ICCU\UFE\0982251 |9 Beccacini, Fabio | |
| 130 | 0 | |a Foglio bianco vergine |3 IT\ICCU\UFE\0982249 |9 Carboni, Giovanna | |
| 130 | 0 | |a Gusto provinciale |3 IT\ICCU\UFE\0982235 |9 Mazzucato, Francesca <1965- > | |
| 130 | 0 | |a In volo |3 IT\ICCU\UFE\0982240 |9 Presciuttini, Paola <1970- > | |
| 130 | 0 | |a Lo senti il rumore dei capelli che crescono? |3 IT\ICCU\UFE\0982245 |9 Nardini, Marco <1980- > | |
| 130 | 0 | |a Neva e me |3 IT\ICCU\UFE\0982236 |9 Motta, Marco | |
| 130 | 0 | |a Niente vista lago |3 IT\ICCU\UFE\0982239 |9 Mascheri, Paolo | |
| 130 | 0 | |a Non ho paura dei vostri divani! |3 IT\ICCU\UFE\0982256 |9 Pololi, Thomas | |
| 130 | 0 | |a Operazione Barbarossa, o dell'estate che fece traboccare i vasi |3 IT\ICCU\UFE\0982241 |9 Mauro, Giuseppe <1967- > | |
| 130 | 0 | |a Piccolo diario cinese |3 IT\ICCU\UFE\0982253 |9 Lagioia, Nicola | |
| 130 | 0 | |a Quarti di vacca |3 IT\ICCU\UFE\0982254 |9 Lisai, Gianmichele | |
| 130 | 0 | |a Sting è molto strano |3 IT\ICCU\UFE\0982237 |9 Gangbo, Jadelin Mabiala | |
| 130 | 3 | |a L' Ottocento che verrà |3 IT\ICCU\UFE\0982244 |9 Buonanno, Errico | |
| 130 | 3 | |a La nostalgia di Sète |3 IT\ICCU\UFE\0982248 |9 Moiso, Deborah Rim | |
| 130 | 4 | |a Gli angoli ciechi della spiaggia |3 IT\ICCU\UFE\0982238 |9 Morozzi, Gianluca | |
| 245 | 0 | 0 | |a Semi di fico d'India : |b venti bracciate nella nuova scrittura italiana / |c con Francesca Mazzucato ... [et al.]. |
| 260 | |a Portogruaro : |b Nuova Dimensione, |c c2005 | ||
| 300 | |a 263 p. ; |c 20 cm | ||
| 500 | |a Precede il tit.: Marco Nardini presenta. | ||
| 650 | 7 | |a Novelle e racconti |x 2002-2004 |x Antologie |2 scbi | |
| 700 | 1 | |a Mazzucato, Francesca, |d (1965- ) |0 IT\ICCU\RAVV\095313 | |
| 700 | 1 | |a Nardini, Marco, |d (1980- ) |0 IT\ICCU\UBOV\044149 | |
| 830 | 0 | |a Officina ; |v 1 |0 IT\ICCU\LO1\0998257 | |
| 942 | |2 ddc |c BK |n 0 | ||
| 952 | |0 0 |1 0 |4 0 |6 DOC_853_920000000000000_NAR |7 0 |9 18262 |a BO |b BO |d 2026-01-15 |i 14053 |l 0 |o DOC 853.92 NAR |p BO14053 |r 2026-01-15 23:19:56 |w 2026-01-15 |x [Sebina 5] [1 v.] |y BK |z 1 v. | ||
| 999 | |c 15471 |d 15471 | ||